000 00716nam a2200181Ia 4500
008 090201s9999 xx 000 0 und d
010 _aKPL-65979
040 _bमराठी
041 _aमराठी
082 _a1553
_b65979
100 _aअंजली कीर्तने
245 _aदुर्गा भागवत एक शोध पाउलखुणा लघुपटाच्या
_cअंजली कीर्तने
250 _a1
260 _c2003
_bनवचेतन्य प्रकाशन
300 _a221
_bमध्यम
600 _aदुर्गा भागवत एक शोध पाउलखुणा लघुपटाच्या
942 _cBOOK
999 _c202642
_d202642